Modular software architecture and implementation of OSI upper layer protocols /
Saved in:
| Main Author: | |
|---|---|
| Format: | Thesis Book |
| Language: | English |
| Published: |
1994.
|
| Subjects: | |
| Tags: |
Add Tag
No Tags, Be the first to tag this record!
|
| LEADER | 00848cam a2200241 a 4500 | ||
|---|---|---|---|
| 001 | u366200 | ||
| 003 | SIRSI | ||
| 008 | 950109s1994 si v 00 1 eng m | ||
| 035 | |a ABU-8696 | ||
| 040 | |a UMM | ||
| 090 | |a TK5105.55 |b Cha | ||
| 100 | 1 | 0 | |a Chai, Boon Ping. |
| 245 | 1 | 0 | |a Modular software architecture and implementation of OSI upper layer protocols / |c by Chai Boon Ping. |
| 260 | |c 1994. | ||
| 300 | |a vii, various leaves : |b ill. ; |c 30 cm. | ||
| 502 | |a Dissertation (M.Sc.) -- National University of Singapore, 1994. | ||
| 504 | |a Includes bibliographical references. | ||
| 650 | 0 | |a OSI (Computer network standard) | |
| 650 | 0 | |a Computer network protocols. | |
| 650 | 0 | |a Communications software. | |
| 948 | |a 09/01/1995 |b 28/10/2002 | ||
| 596 | |a 1 | ||
| 999 | |a F TK5105.55 CHA |w LC |c 1 |i A504831598 |d 22/5/2001 |l STACKS |m P01UTAMA |n 2 |r Y |s Y |t TESIS |u 10/8/1995 | ||
